01503cam a2200361 i 4500003000900000005001700009007000300026008004100029020001800070040003000088082002500118100003500143240007900178245014100257250001900398264005100417264005100468300002600519336002700545337003400572338002800606490001600634500007200650500004500722500005600767590002700823650002400850700005200874910004700926942001400973952013700987999001701124DO-SdBNP20240314143008.0ta751003s2011 dr 001 f spa d a9788420650968 aDO-SdBNPbspacBNPHUerda 4a330bS642r, 20112221 aSmith, Adam,d1723-1790985048 aAn inquiry into the nature and causes of the wealth of nations lEspañol13aLa riqueza de las naciones :b(libros I-II-III y selección de los libros IV y V) /cAdam Smith ; traducción Carlos Rodríguez Braun a3a. edición  1aMadrid, España :bAlianza editorial, c2011. 3aMadrid, España :bAlianza editorial, c2017. a814 páginasc18 cm. 2rdacontentatextobtxt 2rdamediaasin mediación bn 2rdacarrieravolumenbnc0 aEconomía  aObra publicada originalmente en dos volúmenes en Londres en 1776. aIncluye Índice de nombres y materias.  aLa biblioteca posee la 7a. reimpresión del 2017.  aInventariado, 2023/ YL 4aEconomía. 9843551 aRodríguez Braun, Carlosetraducción 984360 aYlockward/Validado. Control de calidad MFF 2ddccLBS1 00102ddc56708GRaBNPHUbBNPHUcCTd2019-02-02eLibrería Cuestal0oBNPHU GR 330 S642rp2023-6645r2023-10-04w2023-10-04yLBS1 c55065d55065